000 00466nam a2200157 4500
001 112757
003 ES-MaACL
005 20230906185623.0
007 t|
008 061121s1962 sp r ||||1| spa d
100 1 _aMurga Gener, José Luis.
_984571
245 1 3 _aEl arrendamiento rústico en la transmisión `mortis causa` /
_cJosé Luis Murga Gener.
260 _aMadrid :
_bRialp,
_c1962.
300 _a127 p. ;
_c26 cm.
852 _aES-MaACL
_jC-20989
_bR.49580
999 _c112757
_d112757